Ssaki Polski. Rozpoznaj po zdjęciu. - Statystyki

Ogólne statystyki
  • Ten quiz został rozwiązany 102 razy
    92 od ostatniego zresetowania
  • Średni wynik to 24 z 35
Statystyki odpowiedzi
Obrazkowy Odpowiedź % Poprawnych
Borsuk
99%
Lis
92%
Wiewiórka
91%
Wilk
91%
Zając
91%
Dzik
89%
Jeż
89%
Ryś
89%
Żubr
89%
Kret
88%
Łoś
87%
Bóbr
85%
Niedźwiedź
85%
Kuna
84%
Jeleń
81%
Wydra
79%
Mysz
76%
Świstak
76%
Sarna
75%
Łasica
73%
Chomik
71%
Szczur
69%
Daniel
68%
Żbik
65%
Kozica
64%
Gacek
56%
Ryjówka
53%
Jenot
41%
Nornica
40%
Suseł
39%
Gronostaj
37%
Tchórz
35%
Popielica
24%
Koszatka
16%
Rzęsorek
16%
Nie znaleziono quizów pasujących do podanych kryteriów
Rozkład punktacji
Procent ludzi z każdym wynikiem
Percentyl według liczby udzielonych odpowiedzi
Twoja historia wyników
Nie rozwiązałeś tego quizu od ostatniego zresetowania